• 首页
  • 本馆介绍
  • 公告通知
  • 最新文献
  • 馆藏检索
  • 电子资源
  • 读者导购
  • 参考咨询
  • 我的图书馆
  • 登录
  • 详细信息显示
  • 放入我的书架
  • 预约/预借图书
  • 作者相关作品
  • 分类相关作品
  • 丛书相关作品
  • 出版社相关作品

书目信息

  • 表格格式
  • 工作单格式
  • 卡片格式
题名:
举重竞赛规则
    
 
作者: ;中华人民共和国体育运动委员会审定
分册:  
出版信息: 北京   人民体育出版社  1986
页数: 44页
开本: 19cm
丛书名:
单 册:
中图分类: G884.4
科图分类:
主题词: 体育 , 竞赛规则-举重--中国--1986 , 举重-竞赛规则--中国--1986
电子资源:
ISBN:
000 00918nam0 2200277 45
001 0186017630
005 20060516152153.67
010    @dCNY0.29
091    @a7015.2349
100    @a19900802d1986 em y0chiy0121 ea
101 0  @achi
102    @aCN@b110000
105    @ay z 000yy
200 10 @a举重竞赛规则@Aju chong jing sai gui ze@e1986@f中华人民共和国体育运动委员会审定@Fzhong hua ren min gong he guo ti yu yun dong wei yuan hui shen ding
205    @a11版@b修订本
210    @a北京@c人民体育出版社@d1986
215    @a44页@d19cm
300    @a在1982年版本的基础上修订的
606 0  @a体育
606    @a竞赛规则-举重@y中国@z1986
606    @a举重-竞赛规则@y中国@z1986
690    @aG884.4
711  0 @a中华人民共和国体育运动委员会审定@Azhong hua ren min gong he guo ti yu yun dong wei yuan hui shen ding
801  0 @aCN@b深圳图书馆@c20060516
801  2 @aCN@bNLC@c20060309
905    @dG884.4@e9(1986)
    
    举重竞赛规则:1986/中华人民共和国体育运动委员会审定.-11版,修订本.-北京:人民体育出版社,1986
    44页;19cm
    在1982年版本的基础上修订的
    
    ISBN :CNY0.29
    
●
相关链接 在E读中查询图书 在五车中查询图书 在当当中查询图书 在豆瓣中查询图书


正题名:举重竞赛规则     索取号:G884.4/9(1986)         预约/预借

序号 登录号 条形码 馆藏地/架位号 状态 备注
1 0158618   202354175   密集书库/ [索取号:G884.4/9(1986)] 在馆    
2 0158619   000991591   密集书库/ [索取号:G884.4/9(1986)] 在馆    
3 0158620   202191065   密集书库/ [索取号:G884.4/9(1986)] 在馆    
4 0232279   202191029   密集书库/ [索取号:G884.4/9(1986)] 在馆    
5 0232280   202190985   密集书库/ [索取号:G884.4/9(1986)] 在馆    
6 0232281   202190949   密集书库/ [索取号:G884.4/9(1986)] 在馆    
7 0232282   000991573   第一样本阅览室/ [索取号:G884.4/9(1986)] 在馆    
8 0232283   000991582   密集书库/ [索取号:G884.4/9(1986)] 在馆    
唐山师范学院图书馆 欢迎您!
大连网信软件有限公司© 版权所有